[Event "Vladimir Petrov Memorial"]
[Site "Jurmala LAT"]
[Date "2013.02.16"]
[Round "5.1"]
[White "Wojtaszek,R"]
[Black "Ivanchuk,V"]
[Result "1/2-1/2"]
[WhiteElo "2710"]
[BlackElo "2758"]

1.d4 Nf6 2.c4 e6 3.Nf3 d5 4.g3 Be7 5.Bg2 O-O 6.O-O dxc4 7.Qc2 a6 8.a4 Bd7
9.Qxc4 Bc6 10.Bf4 Nbd7 11.Rd1 Bd6 12.Bg5 h6 13.Bxf6 Nxf6 14.Nc3 a5 15.Qd3 Bb4
16.Ne5 Bxg2 17.Kxg2 c6 18.Rac1 Nd7 19.Nxd7 Qxd7 20.Ne4 Rad8 21.Qc4 Qd5 22.Qxd5 Rxd5
23.Nc5 e5 24.Nb3 Rfd8 25.e3 f5 26.Kf3 Kf7 27.Ke2 Ke6 28.Rc4 g6 29.h4 h5 30.Rdc1 Kf6
31.Rd1 Ke6 32.Rdc1 Kf6 33.Rd1  1/2-1/2

[Event "Iceland-China Friendly Match"]
[Site "Reykjavik ISL"]
[Date "2013.02.16"]
[Round "4.4"]
[White "Gretarsson,Hj"]
[Black "Tan Zhongyi"]
[Result "1/2-1/2"]
[WhiteElo "2509"]
[BlackElo "2466"]

1.d4 d5 2.c4 e6 3.Nf3 Nf6 4.g3 Be7 5.Bg2 O-O 6.O-O dxc4 7.Qc2 a6 8.a4 Bd7
9.Qxc4 Bc6 10.Bg5 Bd5 11.Qd3 Be4 12.Qe3 Nbd7 13.Nc3 Bc6 14.Qd3 Bb4 15.Rfd1 h6
16.Bd2 a5 17.Re1 Bxf3 18.Bxf3 c6 19.e4 Ne5 20.Qe2 Qxd4 21.Be3 Qc4 22.Bf4 Nxf3+
23.Qxf3 Rfd8 24.Bxh6 Rd3 25.Qf4 Bxc3 26.bxc3 Qxc3 27.e5 Rd4 28.Qe3 Ne4 29.Rec1 Qxe3
30.Bxe3 Rd7 31.Rab1 f6 32.Rc4 Ng5 33.exf6 Nf3+ 34.Kg2 Ne5 35.Rf4 gxf6 36.Rxf6 Re8
37.Rf4 Nd3 38.Rg4+ Kf7 39.Bb6 Rd5 40.Bd4 b5 41.Rb3 Ne5 42.Rh4 b4 43.Re3 Ng6
44.Rh7+ Kf8 45.Rf3+ Rf5 46.Rh6 Kf7 47.Rh7+ Kf8 48.Ra7 Rxf3 49.Kxf3 Rb8 50.Rxa5 b3
51.Bb2 Ne7 52.Rc5 Rb4 53.a5 Ra4 54.Rc3 Rxa5 55.Rxb3 Rf5+ 56.Ke2 c5 57.h4 Nd5
58.Ba3 Nf6 59.Rf3 Nd7 60.Rxf5+ exf5 61.Kd3 Ke7 62.Kc4 Kd6 63.h5 Ne5+ 64.Kb5 Ng4
65.Bxc5+ Ke6 66.Kc4 f4 67.gxf4 Kf5 68.Be3 Nf6 69.h6 Kg6 70.f5+ Kxf5 71.Kc5 Kg6
72.Kd6 Ng4 73.Ke6 Nxf2  1/2-1/2

[Event "ch-ROU 2013"]
[Site "Baile Olanesti ROU"]
[Date "2013.02.17"]
[Round "2.33"]
[White "Cosmulescu,A"]
[Black "Doncea,V"]
[Result "0-1"]
[WhiteElo "1883"]
[BlackElo "2431"]

1.d4 Nf6 2.Nf3 e6 3.c4 d5 4.g3 Be7 5.Bg2 O-O 6.O-O dxc4 7.Qa4 a6 8.Qxc4 b5
9.Qc2 Bb7 10.Bf4 Nc6 11.e3 Nb4 12.Qe2 c5 13.dxc5 Qd3 14.Nc3 Bxc5 15.Rfd1 Qxe2
16.Nxe2 Rfd8 17.Ned4 Be4 18.Rd2 Rac8 19.a3 Nbd5 20.Nb3 Bb6 21.Be5 Bc2 22.Bxf6 gxf6
23.Nfd4 Nxe3 24.Nxc2 Rxd2 25.Nxd2 Rxc2 26.Ne4 Ng4 27.Rf1 f5 28.h3 fxe4 29.hxg4 e3  0-1

[Event "TCh-CZE Extraliga 2012-13"]
[Site "Czech Republic CZE"]
[Date "2013.02.17"]
[Round "6.5"]
[White "Konopka,M"]
[Black "Caletka,R"]
[Result "1/2-1/2"]
[WhiteElo "2453"]
[BlackElo "2324"]

1.Nf3 d5 2.c4 e6 3.g3 Nf6 4.Bg2 Be7 5.d4 O-O 6.O-O c6 7.Qc2 Nbd7 8.Nbd2 b6
9.e4 Bb7 10.b3 dxe4 11.Nxe4 Nxe4 12.Qxe4 Nf6 13.Qe2 c5 14.Rd1 cxd4 15.Nxd4 Bxg2
16.Kxg2 Qc7 17.Qf3 Rac8 18.Bf4 e5 19.Nb5 Qb8 20.Re1 Nd7 21.Rad1 Rfd8 22.Bd2 Nc5
23.Bb4 Bf8 24.Bxc5 Bxc5 25.Rd5 a6 26.Nc3 Bd4 27.Rd1 Rxd5 28.Nxd5 Qd6 29.Ne3 g6
30.Qb7 Rb8 31.Qd5 Qe7 32.Qe4 Qd6 33.Nc2 Rd8 34.g4 Qf6 35.Nxd4 exd4 36.Rd3 Qd6
37.h3 Kg7 38.f4 f6 39.Kf3 Rd7 40.Qd5 Qc7 41.Qe4 Qd6  1/2-1/2

[Event "US Amateur Team East 2013"]
[Site "Parsippany USA"]
[Date "2013.02.18"]
[Round "6"]
[White "Ippolito,D"]
[Black "Williams,John M"]
[Result "1-0"]
[WhiteElo "2423"]
[BlackElo "2119"]

1.d4 d5 2.c4 e6 3.Nf3 Nf6 4.g3 Be7 5.Bg2 O-O 6.O-O Nbd7 7.Qb3 c6 8.Rd1 Qb6
9.Nc3 Qa6 10.Nd2 c5 11.e3 Nb6 12.Bf1 cxd4 13.c5 Nc4 14.Nxc4 dxc3 15.Nb6 axb6
16.Bxa6 cxb2 17.Bxb2 Rxa6 18.cxb6 Bd7 19.a4 Rfa8 20.a5 Rxa5 21.Rxa5 Rxa5
22.Ra1 Rxa1+ 23.Bxa1 Bc6 24.Bc3 Nd7 25.Qb2 Bf6 26.Bxf6 Nxf6 27.Qa3 g6 28.Qe7 Nd7
29.g4 h6 30.h4 Kg7 31.Qd8 Nf6 32.f3 h5 33.Qc7 hxg4 34.fxg4 Nxg4 35.Qxc6  1-0

[Event "ch-ROU 2013"]
[Site "Baile Olanesti ROU"]
[Date "2013.02.19"]
[Round "5.52"]
[White "Coman,L"]
[Black "Cristian,Codrut"]
[Result "1-0"]
[WhiteElo "1798"]
[BlackElo "1563"]

1.Nf3 d5 2.d4 Nf6 3.g3 e6 4.Bg2 Be7 5.c4 O-O 6.c5 b6 7.b4 c6 8.O-O Bb7 9.Nc3 a5
10.bxa5 bxc5 11.Bd2 Rxa5 12.Na4 Ra8 13.Nxc5 Bxc5 14.dxc5 Na6 15.Qc2 Ne4 16.Be3 Qa5
17.Rfc1 Nb4 18.Qb2 Qa3 19.Qxa3 Rxa3 20.Nd4 Rxa2 21.Rxa2 Nxa2 22.Rb1 Nxc5
23.Nc2 Nc3 24.Rb6 N3a4 25.Rb4 Ba6 26.Nd4 Rc8 27.f4 h6 28.Kf1 Kf8 29.Ke1 Ke7
30.Nf3 Ra8 31.Nd4 Rc8 32.Kd2 Kd7 33.Bf2 Kc7 34.g4 Re8 35.Bg3 Kd7 36.h4 Bc4
37.e4 Ra8 38.exd5 cxd5 39.Rxc4 Rb8 40.Rc2 Nb3+ 41.Nxb3 Rxb3 42.Bh2 Nb2 43.Bf1 Rf3
44.Bb5+ Kd8 45.Rxb2 Rf2+ 46.Kc1  1-0

[Event "ch-Central Serbia 2013"]
[Site "Pozarevac SRB"]
[Date "2013.02.19"]
[Round "3.3"]
[White "Antic,De"]
[Black "Radovanovic,D"]
[Result "1-0"]
[WhiteElo "2473"]
[BlackElo "2387"]

1.d4 Nf6 2.c4 e6 3.g3 d5 4.Nf3 Be7 5.Bg2 O-O 6.O-O c6 7.Nc3 Nbd7 8.Nd2 b6
9.Re1 Bb7 10.e4 dxe4 11.Ndxe4 Nxe4 12.Bxe4 Nf6 13.Bg2 Qd7 14.Bf4 Rfd8 15.Be5 c5
16.Bxb7 Qxb7 17.d5 exd5 18.Qf3 Rd7 19.Bxf6 Bxf6 20.Nxd5 Bd4 21.Re7  1-0

[Event "e2e4 Brighton Masters 2013"]
[Site "Brighton ENG"]
[Date "2013.02.20"]
[Round "9"]
[White "Foo,William J"]
[Black "Arvola,B"]
[Result "0-1"]
[WhiteElo "2060"]
[BlackElo "2346"]

1.d4 Nf6 2.g3 e6 3.Bg2 d5 4.c4 Be7 5.Nf3 O-O 6.O-O dxc4 7.Qc2 a6 8.Qxc4 b5
9.Qc2 Bb7 10.Bd2 Ra7 11.Rc1 Be4 12.Qb3 Nbd7 13.Ba5 Qb8 14.Bb4 Bd6 15.Bxd6 cxd6
16.Nbd2 Bd5 17.Qd3 Qa8 18.Ne1 Bxg2 19.Nxg2 Rc8 20.Rc2 Nd5 21.a3 Rxc2 22.Qxc2 Rc7
23.Qd1 Qc8 24.Nb3 N7b6 25.Rc1 Na4 26.Qd2 Ndb6 27.Rxc7 Qxc7 28.Ne3 Nc4 29.Nxc4 bxc4
30.Qc2 d5 31.Nd2 Qc6 32.b3 Nb6 33.a4 a5 34.Qc3 h5 35.h4 Kf8 36.bxc4 dxc4
37.Qxa5 c3 38.Nb3 c2 39.Qc5+ Qxc5 40.dxc5 Nxa4 41.c6 Ke7 42.Kf1 Kd6 43.f3 Nc5
44.Nc1 Kxc6 45.Ke1 Na6 46.Nd3 Kb5 47.Kd2 Nb4 48.Nxb4 Kxb4 49.Kxc2 Kc4 50.Kd2 f5
51.Ke3 e5 52.Kf2 Kd4 53.g4 fxg4 54.fxg4 Ke4 55.Kg3 g6  0-1

[Event "Reykjavik Open 2013"]
[Site "Reykjavik ISL"]
[Date "2013.02.20"]
[Round "3.73"]
[White "Van Heirzeele,D"]
[Black "Hardarson,Jon Trausti"]
[Result "1-0"]
[WhiteElo "2125"]
[BlackElo "1853"]

1.d4 Nf6 2.c4 e6 3.g3 d5 4.Nf3 Be7 5.Bg2 O-O 6.O-O dxc4 7.Qc2 a6 8.a4 Bd7
9.Rd1 Bc6 10.Nc3 Bxf3 11.Bxf3 c6 12.e4 Qa5 13.Qe2 b5 14.Bd2 Qb6 15.axb5 cxb5
16.e5 Nd5 17.Bxd5 exd5 18.Nxd5 Qd8 19.Qf3 Nd7 20.Ba5 Qe8 21.Nc7 Qc8 22.Nxa8 Qxa8
23.Qxa8 Rxa8 24.Ra2 Kf8 25.Rda1 Ke8 26.f4 Nb8 27.d5 Bc5+ 28.Kg2 Bd4 29.Kf3 Nd7
30.Bc3 Bxc3 31.bxc3 Nc5 32.Rb1 Rc8 33.Ke3 Rd8 34.d6 Kd7 35.Kd2 g6 36.Kc2 Ke6
37.Rd1 Rd7 38.Rd4 Ra7 39.Rb2 Rd7 40.Rd1 Ra7 41.Ra1 Rd7 42.Ra5 Rd8 43.Rba2 h5
44.Rxa6 Nxa6 45.Rxa6 Rd7 46.Rb6 Kf5 47.Rxb5 Kg4 48.Rc5 Kh3 49.Rc7 Rd8 50.Rxf7 Kxh2
51.d7 Kxg3 52.e6  1-0

[Event "ch-ROU 2013"]
[Site "Baile Olanesti ROU"]
[Date "2013.02.21"]
[Round "7.35"]
[White "Tanase,F"]
[Black "Cosmulescu,A"]
[Result "1-0"]
[WhiteElo "2076"]
[BlackElo "1883"]

1.d4 d5 2.Nf3 e6 3.c4 Be7 4.g3 Nf6 5.Bg2 O-O 6.O-O b6 7.Ne5 Bb7 8.Nc3 h6
9.Qa4 Qc8 10.Be3 dxc4 11.Qxc4 Bxg2 12.Kxg2 Qb7+ 13.f3 Rc8 14.b4 c6 15.Rfc1 Nbd7
16.Nd3 Nd5 17.Bf2 Bf6 18.Ne4 Be7 19.Nd2 a5 20.bxa5 Rxa5 21.Nb3 Raa8 22.e4 N5f6
23.Qc3 Rc7 24.a4 Qa6 25.a5 b5 26.Nb4 Bxb4 27.Qxb4 Rac8 28.g4 e5 29.Bg3 Re8
30.Qd6 Rcc8 31.dxe5 Re6 32.Qd4 c5 33.Nxc5 Rxc5 34.Rxc5 Nxc5 35.Qxc5 Nd7 36.Qc7 Nb6
37.axb6 Qxa1 38.b7 Qb2+ 39.Bf2  1-0

[Event "ch-ROU 2013"]
[Site "Baile Olanesti ROU"]
[Date "2013.02.21"]
[Round "8.25"]
[White "Bunta,Andrei"]
[Black "Florescu,C"]
[Result "1/2-1/2"]
[WhiteElo "1896"]
[BlackElo "2212"]

1.d4 Nf6 2.c4 e6 3.g3 d5 4.Nf3 Be7 5.Bg2 O-O 6.O-O Nbd7 7.Nbd2 c6 8.Qc2 b6
9.e4 Bb7 10.e5 Ne8 11.b3 Rc8 12.Bb2 c5 13.cxd5 Bxd5 14.Rac1 Qc7 15.Bc3 Qb7  1/2-1/2

[Event "Reykjavik Open 2013"]
[Site "Reykjavik ISL"]
[Date "2013.02.21"]
[Round "4.17"]
[White "Halkias,S"]
[Black "Diermair,A"]
[Result "1/2-1/2"]
[WhiteElo "2566"]
[BlackElo "2407"]

1.d4 Nf6 2.Nf3 e6 3.g3 d5 4.Bg2 Be7 5.c4 O-O 6.O-O dxc4 7.Qc2 a6 8.a4 Bd7
9.Qxc4 Bc6 10.Bf4 a5 11.Nc3 Na6 12.Ne5 Bxg2 13.Kxg2 Nd5 14.Rad1 Nxf4+ 15.gxf4 Bd6
16.e3 Qh4 17.Ne4 Bxe5 18.dxe5 Rad8 19.Ng3 Qe7 20.Ne4 Nb4 21.Qc5 Qxc5 22.Nxc5 b6
23.Ne4 Nd5 24.Kf3 f6 25.Ke2 Kf7 26.Rd2 h6 27.Rfd1 Ke7 28.Rg1 Kf7 29.Rgd1 Ke7
30.Rg1 Kf7 31.h4 Rd7 32.Rc1 Rfd8 33.Rcd1  1/2-1/2

[Event "ch-ROU 2013"]
[Site "Baile Olanesti ROU"]
[Date "2013.02.22"]
[Round "9.23"]
[White "Tanase,F"]
[Black "Vasile,Cl"]
[Result "1/2-1/2"]
[WhiteElo "2076"]
[BlackElo "2145"]

1.d4 d5 2.Nf3 Nf6 3.c4 e6 4.g3 Be7 5.Bg2 O-O 6.O-O Nbd7 7.Qc2 c6 8.Nbd2 b6
9.e4 Bb7 10.e5 Ne8 11.cxd5 cxd5 12.Re1 Rc8 13.Qa4 a5 14.Nf1 Bc6 15.Qd1 Nc7
16.h4 a4 17.Bg5 Bb5 18.Ne3 h6 19.Bxe7 Qxe7 20.Bh3 Na6 21.a3 Nab8 22.Nh2 Nc6
23.f4 Na5 24.Qg4 Kh8 25.f5 Rc6 26.fxe6 Qxe6 27.Qxe6 fxe6 28.Nxd5 Nb8 29.Ne7 Nb3
30.Ng6+ Kg8 31.Nxf8 Nxa1 32.Nxe6 Nc2 33.Rd1 Ne3 34.Rd2 Rc1+ 35.Kf2 Nc4 36.Re2 Nxa3
37.bxa3 Bxe2 38.Kxe2 Rc2+ 39.Kf1 Rxh2 40.Bg2 b5 41.d5 Nd7 42.Kg1 Rxg2+ 43.Kxg2 Nxe5
44.Nd4 Nc4 45.Nxb5 Ne3+ 46.Kf3 Nxd5 47.Ke4 Nf6+ 48.Kd4 Nh5 49.g4 Nf6 50.g5 hxg5
51.hxg5 Nh7  1/2-1/2

[Event "ch-ROU 2013"]
[Site "Baile Olanesti ROU"]
[Date "2013.02.23"]
[Round "10.30"]
[White "Cosmulescu,A"]
[Black "Glodeanu,I"]
[Result "1/2-1/2"]
[WhiteElo "1883"]
[BlackElo "2180"]

1.d4 d5 2.c4 e6 3.Nf3 Nf6 4.g3 Be7 5.Bg2 O-O 6.O-O dxc4 7.Qa4 a6 8.Qxc4 b5
9.Qc2 Bb7 10.Bf4 Nc6 11.Rd1  1/2-1/2

[Event "Bundesliga 2012-13"]
[Site "Bremen GER"]
[Date "2013.02.23"]
[Round "9"]
[White "Bluebaum,M"]
[Black "Feygin,M"]
[Result "1/2-1/2"]
[WhiteElo "2433"]
[BlackElo "2538"]

1.d4 e6 2.c4 Nf6 3.Nf3 d5 4.g3 Be7 5.Bg2 O-O 6.O-O dxc4 7.Qa4 a6 8.Qxc4 b5
9.Qc2 Bb7 10.Bd2 Be4 11.Qc1 c5 12.dxc5 Nbd7 13.b4 a5 14.Nc3 axb4 15.Nxe4 Nxe4
16.Bxb4 Bxc5 17.Qb1 Ra4 18.Bxc5 Ndxc5 19.Qxb5 Qd5 20.Qb2 Rfa8 21.a3 f6 22.Rad1 Qb3
23.Qxb3 Nxb3 24.Rd7 Rxa3 25.Nd4 Nxd4 26.Rxd4 Nc3 27.Bf3 R8a7 28.Rc4 Kf7 29.Rc1 Nb5
30.Kg2 Nd6 31.Rc7+ Rxc7 32.Rxc7+ Kf8 33.Rc6 Ke7 34.Rc7+ Kf8 35.Rc6 Ke7 36.Rc7+ Kf8
37.Rc6  1/2-1/2

[Event "TCh-CAT Div Hon 2013"]
[Site "Catalonia ESP"]
[Date "2013.02.23"]
[Round "6.5"]
[White "Pijuan Herranz,M"]
[Black "Maroto Borras,J"]
[Result "1-0"]
[WhiteElo "2261"]
[BlackElo "2132"]

1.d4 e6 2.g3 Nf6 3.Bg2 d5 4.Nf3 Be7 5.c4 O-O 6.O-O b6 7.cxd5 exd5 8.Ne5 c5
9.Nc3 Be6 10.Bf4 cxd4 11.Qxd4 Bc5 12.Qd3 Qc8 13.Rac1 Qa6 14.Nb5 Nfd7 15.a3 f5
16.Nxd7 Bxd7 17.Bxd5+  1-0

[Event "Bundesliga 2012-13"]
[Site "Eppingen GER"]
[Date "2013.02.23"]
[Round "9"]
[White "Walter,S2"]
[Black "Rau,H"]
[Result "0-1"]
[WhiteElo "2358"]
[BlackElo "2438"]

1.d4 Nf6 2.c4 e6 3.g3 d5 4.Nf3 Be7 5.Bg2 O-O 6.O-O dxc4 7.Qa4 a6 8.Qxc4 b5
9.Qc2 Bb7 10.Bd2 Be4 11.Qc1 Qc8 12.Bf4 c5 13.Nbd2 Bd5 14.dxc5 Bxc5 15.Nb3 Be7
16.Qxc8 Rxc8 17.Rfc1 Nc6 18.Nfd4 Nxd4 19.Nxd4 Bxg2 20.Kxg2 Nd5 21.Nc6 Bf6
22.Rab1 Bc3 23.Ne5 Nxf4+ 24.gxf4 Bxe5 25.fxe5 g5 26.Kf3 Kg7 27.Rg1 Kg6 28.h4 h6
29.hxg5 hxg5 30.Rbc1 Rd8 31.Ke3 Rac8 32.Rxc8 Rxc8 33.f4 Rc2 34.Rxg5+ Kh6
35.b3 Rxa2 36.Rg3 a5 37.f5 exf5 38.Kf4 Rxe2 39.Kxf5 Rf2+ 40.Ke4 Rc2 41.Kf5 Rc6
42.Rd3 Kg7 43.Rd5 Rb6 44.Rd8 Ra6 45.Rd2 a4 46.b4 Rc6 47.Rd5 a3 48.Rd2 Ra6
49.Ra2 Kf8 50.Ke4 Ke7 51.Kd5 Ra8 52.Kc6 Ke6 53.Kxb5 Kd5 54.Kb6 Kc4 55.Kb7 Ra4  0-1

[Event "ch-ROU 2013"]
[Site "Baile Olanesti ROU"]
[Date "2013.02.24"]
[Round "11.17"]
[White "Voiteanu,G"]
[Black "Vasile,Cl"]
[Result "0-1"]
[WhiteElo "2287"]
[BlackElo "2145"]

1.d4 d5 2.c4 e6 3.Nf3 Nf6 4.g3 Be7 5.Bg2 O-O 6.O-O Nbd7 7.Qc2 c6 8.Nbd2 b6
9.e4 Bb7 10.e5 Ne8 11.cxd5 cxd5 12.Re1 Rc8 13.Qa4 a5 14.Nf1 Nc7 15.h4 Na6
16.a3 Nab8 17.Bg5 Ba6 18.Ne3 Nc6 19.Qd1 b5 20.Qd3 a4 21.Bxe7 Qxe7 22.Ng5 g6
23.f4 Nb6 24.h5 Kg7 25.Kf2 h6 26.Nf3 Nc4 27.Nh4 Nxb2 28.Qb1 Nc4 29.hxg6 Nxd4
30.f5 Nxe5 31.Bf1 Qc5 32.Qb2 Qc3 33.Rab1 fxg6 34.Kg1 Nef3+ 35.Nxf3 Nxf3+
36.Kf2 Qxb2+ 37.Rxb2 Nxe1 38.Kxe1 gxf5 39.Nc2 Rc3 40.Nd4 Kf6 41.Rh2 Rh8  0-1

[Event "29th Open"]
[Site "Cappelle la Grande FRA"]
[Date "2013.02.24"]
[Round "2.55"]
[White "Sharif,Me"]
[Black "Fantin,L"]
[Result "1-0"]
[WhiteElo "2444"]
[BlackElo "2249"]

1.d4 Nf6 2.c4 e6 3.g3 d5 4.Bg2 Be7 5.Nf3 O-O 6.Qc2 dxc4 7.Qxc4 a6 8.Bf4 Nd5
9.Nc3 Nxc3 10.Qxc3 Nc6 11.O-O Bd6 12.Rac1 f6 13.Rfd1 Qe7 14.a3 Nd8 15.Ne5 g5
16.Be3 c6 17.Nc4 Bc7 18.Bd2 Nf7 19.Qb3 Rd8 20.Nb6 Rb8 21.Bb4 Qe8 22.Bc5 Kg7
23.e4 h6 24.Nxc8 Rdxc8 25.Bh3 b6 26.Bb4 c5 27.dxc5 bxc5 28.Rxc5 a5 29.Qxe6 Qxe6
30.Bxe6 axb4 31.Bxc8 Rxc8 32.Rd7 bxa3 33.bxa3  1-0

[Event "29th Open"]
[Site "Cappelle la Grande FRA"]
[Date "2013.02.24"]
[Round "2.67"]
[White "Sumets,A"]
[Black "Viennot,D"]
[Result "1-0"]
[WhiteElo "2632"]
[BlackElo "2192"]

1.d4 e6 2.g3 Nf6 3.Bg2 d5 4.c4 Be7 5.Nf3 O-O 6.Qc2 c5 7.dxc5 Qa5+ 8.Nbd2 Qxc5
9.O-O b5 10.b3 Nc6 11.Bb2 Ba6 12.Rfc1 Ng4 13.e3 bxc4 14.bxc4 Nb4 15.Qc3 Bf6
16.Nd4 dxc4 17.Ne4 Qb6 18.Nxf6+ Nxf6 19.Bxa8 Rxa8 20.Ba3 Nd3 21.Rab1 Qd8
22.Rf1 Rc8 23.Bc1 e5 24.Qa3 Nc5 25.Nb5 Qd7 26.Nc3 Qh3 27.f3 e4 28.fxe4 h5
29.Rf4 Ng4 30.Rb2 Bb7 31.Qxa7 h4 32.Rg2 hxg3 33.hxg3 g6 34.Nd5 Bxd5 35.exd5 Ne5
36.Bb2 c3 37.Bxc3 Ncd3 38.Bxe5 Nxe5 39.Rf1 Qg4 40.Qa6 Rc3 41.Qf6 Qe4 42.Qf4 Qxd5
43.Rh2 Rc8 44.Qf6  1-0

[Event "33rd TCh-IND 2013"]
[Site "Hyderabad IND"]
[Date "2013.02.24"]
[Round "5.3"]
[White "Bindu,S"]
[Black "Pratyusha,B"]
[Result "0-1"]
[WhiteElo "1795"]
[BlackElo "2131"]

1.d4 Nf6 2.c4 e6 3.g3 d5 4.Bg2 Be7 5.Nf3 O-O 6.O-O dxc4 7.Qa4 a6 8.Qxc4 b5
9.Qc2 Bb7 10.Bf4 Nd5 11.Bd2 Nd7 12.Ba5 Qb8 13.Nbd2 Rc8 14.Rac1 c5 15.Qb1 Qa7
16.dxc5 Nxc5 17.e4 Nf6 18.Rfe1 h6 19.h3 Ncd7 20.e5 Nd5 21.Ne4 Rxc1 22.Rxc1 Qb8
23.Re1 b4 24.Qd3 Bc6 25.a3 Nxe5 26.Qd4 Nxf3+ 27.Bxf3 bxa3 28.bxa3 Bxa3 29.Nd2 Bb2
30.Qc5 Qb5 31.Qc2 Bd4 32.Nc4 Rb8 33.Rc1 Nb4 34.Bxb4 Bxf3 35.Nd2 Ba8 36.Bd6 Qd5
37.Ne4 Rb2 38.Qc8+ Kh7 39.Qc7 Bxf2+  0-1

[Event "VI Karkonosze Open A"]
[Site "Karpacz POL"]
[Date "2013.02.24"]
[Round "9.2"]
[White "Piotrowski,P"]
[Black "Sliwerski,R"]
[Result "1-0"]
[WhiteElo "1996"]
[BlackElo "2097"]

1.d4 Nf6 2.c4 e6 3.g3 d5 4.Bg2 Be7 5.Nf3 O-O 6.O-O dxc4 7.Ne5 Nc6 8.Nxc6 bxc6
9.e3 Ba6 10.Bxc6 Rb8 11.Qa4 Rb6 12.Bg2 c5 13.Rd1 Qc8 14.Nc3 cxd4 15.exd4 Rd8
16.Qc2 Rbd6 17.Be3 R6d7 18.h3 Bb7 19.Bxb7 Qxb7 20.Na4 Nd5 21.Rac1 h6 22.Qe2 Rc8
23.Nc5 Bxc5 24.dxc5 Nxe3 25.Qxe3 Rd5 26.Rxd5 exd5 27.Qd4 Qb4 28.Qxd5 Rxc5
29.Qd8+ Kh7 30.Qd4 Rb5 31.Rc2 Ra5 32.Rxc4 Qe1+ 33.Kg2 Rxa2 34.Qd3+ g6 35.Re4 Qa5
36.Qc4 Kg7 37.Re7  1-0

[Event "29th Open"]
[Site "Cappelle la Grande FRA"]
[Date "2013.02.25"]
[Round "4.38"]
[White "Baryshpolets,A"]
[Black "Berkovich,M"]
[Result "1-0"]
[WhiteElo "2526"]
[BlackElo "2354"]

1.d4 Nf6 2.c4 e6 3.g3 d5 4.Bg2 Be7 5.Nf3 O-O 6.O-O Nc6 7.b3 dxc4 8.bxc4 Na5
9.Qc2 c5 10.dxc5 Bxc5 11.Bb2 Nc6 12.e3 h6 13.Rd1 Bd7 14.Ne5 Nxe5 15.Bxe5 Ng4
16.Bb2 Qe8 17.Nd2 Ba4 18.Nb3 Qe7 19.Qe4 f5 20.Qxb7 Qxb7 21.Bxb7 Bxb3 22.axb3 Rab8
23.Rd7 Rf7 24.Bc6 Rxb3 25.Bd4 Bxd4 26.exd4 Rb2 27.Raxa7 Rxd7 28.Bxd7 Kf7
29.d5 Nxf2 30.Bxe6+ Kg6 31.d6 Ne4 32.d7 Rb1+ 33.Kg2 Rb2+ 34.Kf1 Rb1+ 35.Ke2 Rb2+
36.Ke3  1-0

[Event "Zagreb Open A 2013"]
[Site "Zagreb CRO"]
[Date "2013.02.25"]
[Round "1.2"]
[White "Postny,E"]
[Black "Mesko,A"]
[Result "1-0"]
[WhiteElo "2622"]
[BlackElo "2026"]

1.d4 Nf6 2.c4 e6 3.g3 d5 4.Nf3 Be7 5.Bg2 O-O 6.O-O Nbd7 7.Qc2 c5 8.Rd1 dxc4
9.Na3 Nd5 10.Nxc4 b5 11.Ne3 c4 12.a4 Qc7 13.axb5 N7b6 14.Ne5 Nxe3 15.Bxe3 Bb7
16.Bxb7 Qxb7 17.Nc6 Bf6 18.Ra6 Qd7 19.Rda1 Qd5 20.R1a5 Nc8 21.Nb4 Qb7 22.Qxc4 Bd8
23.Ra1 Rb8 24.Rc1 Qxb5 25.Qxb5 Rxb5 26.Rxc8 Rxb4 27.Rxa7 Be7 28.Raa8 f6 29.Rxf8+ Bxf8
30.d5 Kf7 31.Rxf8+  1-0

[Event "Reykjavik Open 2013"]
[Site "Reykjavik ISL"]
[Date "2013.02.27"]
[Round "10.45"]
[White "Andreasen,P"]
[Black "Palmqvist,F"]
[Result "1/2-1/2"]
[WhiteElo "2302"]
[BlackElo "2050"]

1.Nf3 Nf6 2.c4 e6 3.g3 d5 4.d4 Be7 5.Bg2 O-O 6.O-O dxc4 7.Qa4 a6 8.Qxc4 b5
9.Qc2 Bb7 10.Bg5 Nbd7 11.Bxf6 Bxf6 12.Ng5 Bxg5 13.Bxb7 Ra7 14.Bc6 Nb8 15.e3 Qd6
16.Bg2 Rc8 17.Nd2 Be7 18.Rac1 Qb6 19.Nb3 c6 20.Rfd1 Nd7 21.Nc5 Rac7 22.b4 a5
23.bxa5 Qxa5 24.Nxd7 Rxd7 25.d5 exd5 26.Bh3 Qc7 27.Qb3 Ra8 28.Bxd7 Qxd7 29.Rd3 g6
30.Qc3 Ra6 31.Rc2 Qf5 32.Qd2 Qe4 33.Rd4 Qe6 34.Rd3 Qe4 35.Rb3 Qe6 36.Qc1 b4
37.Rd3 Bf6 38.Rb3  1/2-1/2

[Event "Reykjavik Open 2013"]
[Site "Reykjavik ISL"]
[Date "2013.02.27"]
[Round "10.9"]
[White "Dziuba,M"]
[Black "Urkedal,F"]
[Result "1-0"]
[WhiteElo "2602"]
[BlackElo "2473"]

1.d4 Nf6 2.c4 e6 3.g3 d5 4.Nf3 Be7 5.Bg2 O-O 6.O-O dxc4 7.Qa4 a6 8.Qxc4 b5
9.Qc2 Bb7 10.Bd2 Bd6 11.Re1 Be4 12.Qc1 Nbd7 13.Ba5 Rc8 14.Nbd2 Ba8 15.e4 e5
16.dxe5 Bxe5 17.Nb3 Qe7 18.Nxe5 Nxe5 19.Qc5 Qxc5 20.Nxc5 Nfd7 21.Nxd7 Nxd7
22.Bh3 Ne5 23.Bxc8 Nf3+ 24.Kf1 Nxe1 25.Bxa6 Nf3 26.Bxb5 Bxe4 27.Bxc7 Rc8
28.Rd1 Nxh2+ 29.Ke1 h5 30.Rd8+ Rxd8 31.Bxd8 Nf3+ 32.Ke2 Bd5 33.Ke3 Nh2 34.a4  1-0

[Event "TCh-ISL 2012-13"]
[Site "Reykjavik ISL"]
[Date "2013.03.01"]
[Round "5.8"]
[White "Arnason,T"]
[Black "Ulfarsson,M"]
[Result "1/2-1/2"]
[WhiteElo "2268"]
[BlackElo "2386"]

1.d4 Nf6 2.Nf3 e6 3.g3 d5 4.Bg2 Be7 5.c4 dxc4 6.Qc2 a6 7.a4 a5 8.Qxc4 Nc6
9.O-O O-O 10.Na3 Nb4 11.Bg5 b6 12.Ne5 Ba6 13.Nb5 Rc8 14.Nc6 Nxc6 15.Bxc6 Nd5
16.Bxe7 Qxe7 17.Rac1 Nb4 18.Rfd1 Nxc6 19.Qxc6 Qb4 20.Na7 Ra8 21.Qxc7 Bxe2
22.Nc6 Qxb2 23.Rc2 Qb3 24.Re1 Bh5 25.Rc3 Qxa4 26.Qxb6 Kh8 27.Qb2 Bd1 28.Qc1 Bb3
29.Qb2 Bc4 30.Ne5 Bd5 31.Rc7 Qb4 32.Qxb4 axb4 33.Nxf7+ Kg8 34.Ne5 b3 35.Rcc1 Ra2
36.Nd3 Rb8 37.Rb1 Ra4 38.Nc5 Rxd4 39.Nxe6 Rd2 40.Nc5 b2 41.Na4 Ba2 42.Rxb2 Rdxb2
43.Nxb2 Rxb2 44.Rd1 Rb1 45.Rxb1 Bxb1 46.f3 Kf7 47.Kf2 Ke6 48.Ke3 Ke5 49.h3 h5
50.h4 Bf5 51.Ke2 Kd4 52.Kf2 Kd3 53.g4 hxg4 54.Kg3 Ke3 55.fxg4 Bg6 56.h5 Bh7
57.g5 Ke4 58.Kg4 Ke5 59.g6 Bxg6 60.hxg6 Kf6 61.Kf4 Kxg6 62.Kg4 Kf6  1/2-1/2

[Event "e2e4 Brighton Masters 2013"]
[Site "Brighton ENG"]
[Date "2013.03.02"]
[Round "7"]
[White "Arvola,B"]
[Black "Villegas,P"]
[Result "0-1"]
[WhiteElo "2346"]
[BlackElo "2253"]

1.d4 d5 2.c4 e6 3.Nf3 Nf6 4.g3 Be7 5.Bg2 O-O 6.O-O dxc4 7.Qa4 a6 8.Qxc4 b5
9.Qc2 Bb7 10.Bg5 Nbd7 11.Nbd2 h6 12.Bxf6 Nxf6 13.Rfc1 Rc8 14.Nb3 Be4 15.Qc3 Qd5
16.Qa5 Qb7 17.Ne1 Bxg2 18.Nxg2 Nd7 19.Nc5 Nxc5 20.dxc5 c6 21.Ne1 Bd8 22.Qa3 Bg5
23.Rd1 Rfd8 24.Nc2 Be7 25.e4 Qa7 26.b4 a5 27.Rac1 Ra8 28.Nd4 Qc7 29.bxa5 Rxa5
30.Qb3 Qc8 31.Kg2 Ra4 32.Qe3 Rxa2 33.h4 Kh8 34.Nf3 Rxd1 35.Rxd1 Qc7 36.e5 Qa7
37.Rd6 Bxd6 38.exd6 Rc2 39.Ne5 Qxc5 40.Nxf7+ Kg8 41.Qxc5 Rxc5 42.d7 Rd5 43.d8=Q+ Rxd8
44.Nxd8 b4  0-1

[Event "20th Bunratty Masters"]
[Site "Bunratty IRL"]
[Date "2013.03.02"]
[Round "3.12"]
[White "Rawlinson,A"]
[Black "Fox,An"]
[Result "1-0"]
[WhiteElo "2171"]
[BlackElo "2108"]

1.d4 d5 2.c4 e6 3.Nf3 Nf6 4.g3 Be7 5.Bg2 O-O 6.O-O dxc4 7.Qa4 a6 8.Qxc4 b5
9.Qc2 Bb7 10.Bd2 Be4 11.Qc1 Qc8 12.Nc3 Bb7 13.Qc2 c5 14.dxc5 Bxc5 15.Rac1 Nbd7
16.Qb1 Qb8 17.b4 Be7 18.a4 bxa4 19.Nxa4 Be4 20.Qb2 Qb7 21.Nc3 Bc6 22.Rb1 Rab8
23.Qa1 Rfc8 24.Rfc1 Ne4 25.Nd4 Nxd2 26.Nxc6 Rxc6 27.b5 axb5 28.Rxb5 Qc8 29.Bxc6 Qxc6
30.Rxb8+ Nxb8 31.Qb2 Nd7 32.Qxd2 Nf6 33.Nd1 Qb7 34.Qb2 Qxb2 35.Nxb2 g6 36.Nd3 Kg7
37.Kg2 Bd6 38.Rc6 Bb8 39.h3 h5 40.f4 Ne4 41.Rb6 Bc7 42.Rb7 Bd6 43.Rd7 Bb8
44.Rb7 Bd6 45.Nf2 Nxf2 46.Kxf2 h4 47.e3 hxg3+ 48.Kxg3 e5 49.Kf3 exf4 50.exf4 Bc5
51.Rc7 Bd4 52.f5 Be5 53.Rc2 Bd4 54.h4 Bf6 55.Rh2 Be7 56.Kg4 Bd6 57.fxg6 fxg6
58.h5 gxh5+ 59.Rxh5 Kg6 60.Ra5 Bb4 61.Ra6+ Kf7 62.Kf5 Bd2 63.Rd6 Bc3 64.Rd7+ Ke8
65.Ke6 Ba5 66.Ra7 Bb6 67.Ra8+ Bd8 68.Rb8  1-0

[Event "2nd Adriatico Open A"]
[Site "Montesilvano ITA"]
[Date "2013.03.02"]
[Round "2.12"]
[White "Capone,V"]
[Black "Di Martino,A"]
[Result "1-0"]
[WhiteElo "2185"]
[BlackElo "1847"]

1.d4 d5 2.c4 e6 3.Nf3 Nf6 4.g3 Be7 5.Bg2 O-O 6.O-O Nbd7 7.Qc2 Re8 8.Nbd2 c6
9.e4 dxe4 10.Nxe4 Nxe4 11.Qxe4 Bf6 12.Rd1 Nb6 13.Qc2 Qe7 14.a4 Nd7 15.b3 e5
16.Ba3 Qe6 17.Re1 e4 18.Ng5 Bxg5 19.Rxe4 Nf8 20.Rxe6 Nxe6 21.Bb2 Bd7 22.Be4 g6
23.d5 Nc5 24.Qc3 f6 25.Bg2 Rf8 26.Ba3 b6 27.dxc6 Be6 28.Re1 Rae8 29.f4 Bh6
30.b4 Na6 31.b5 Nc5 32.Bxc5 bxc5 33.Rxe6 Rxe6 34.Bd5 Re8 35.Qxf6  1-0

[Event "20th Bunratty Masters"]
[Site "Bunratty IRL"]
[Date "2013.03.03"]
[Round "5.4"]
[White "Rawlinson,A"]
[Black "McPhillips,Joseph"]
[Result "0-1"]
[WhiteElo "2171"]
[BlackElo "2161"]

1.d4 e6 2.c4 Nf6 3.g3 Be7 4.Bg2 d5 5.Nf3 O-O 6.O-O c6 7.Qc2 Nbd7 8.Rd1 b6
9.b3 Bb7 10.Bb2 Rc8 11.Nbd2 c5 12.dxc5 bxc5 13.e4 d4 14.Ne1 Qc7 15.h3 Ne5
16.f4 Ng6 17.Nd3 Nh5 18.Nf1 Nf6 19.Qe2 Rfe8 20.Nd2 Nd7 21.Rf1 Qb8 22.Rae1 Qa8
23.Rf2 Bd8 24.e5 Bxg2 25.Rxg2 Ba5 26.Rf1 Bxd2 27.Qxd2 f5 28.exf6 gxf6 29.f5 exf5
30.Rxf5 Re3 31.Bc1 Qe4  0-1

[Event "TCh-HUN 2012-13"]
[Site "Paks HUN"]
[Date "2013.03.03"]
[Round "8"]
[White "Markus,Rob"]
[Black "Berkes,F"]
[Result "1/2-1/2"]
[WhiteElo "2605"]
[BlackElo "2685"]

1.d4 Nf6 2.c4 e6 3.g3 d5 4.Bg2 Be7 5.Nf3 O-O 6.O-O dxc4 7.Qc2 a6 8.a4 Bd7
9.Qxc4 Bc6 10.Bg5 Nbd7 11.Nc3 h6 12.Bxf6 Nxf6 13.b4 Bd5 14.Nxd5 exd5 15.Qb3 c6  1/2-1/2